000 00311nam a22001217a 4500
999 _c163369
_d163369
082 _a
_b
100 _aMarquis Curzon of Kedleston
245 _aBritish government in India (v.2)/
_cby Marquis Curzon of Kedleston.
260 _aNew Delhi:
_bDiscover,
_c1987.
300 _a207p.
650 _a
942 _cBK